000 00727nam a2200253Ia 4500
003 OSt
005 20220928130747.0
006 a|||||r|||| 00| 0
007 ta
008 220927b |||||||| |||| 00| 0 eng d
020 _c800
024 _a107628
037 _b530, 08/03/2010, Eastern Book Linkers
_cTextual
040 _aSDCL
_cSDCL
_beng
041 _2eng
_aeng
082 _aR6, P5
100 _aSharma Ambikadutt
_9403545
245 0 _aSamayket darshnik vimarsh.
260 _aM.P
_bVishv Vidyalay Parkashan
_c2005
300 _axxii,626p.
_ccm.
650 _aSanskrit
_9391587
942 _hR6, P5
_cTEXL
_2CC
999 _c788427
_d788427